Normal view
MARC view
- National Institute of Transportation
Entry Topical Term
001 - CONTROL NUMBER
- control field: 48478
003 - CONTROL NUMBER IDENTIFIER
- control field: NUST
005 - DATE AND TIME OF LATEST TRANSACTION
- control field: 20210314134047.0
008 - FIXED-LENGTH DATA ELEMENTS
- fixed length control field: 210314|| aca||aabn | a|a d
040 ## - CATALOGING SOURCE
- Original cataloging agency: NUST
- Transcribing agency: NUST
150 ## - HEADING--TOPICAL TERM
- Topical term or geographic name entry element: National Institute of Transportation
670 ## - SOURCE DATA FOUND
- Source citation: Work cat.: (NUST): Muhammad Sufian Saeed Dar 48477, A laboratory study to see the feasibility of lime-fly ash stabilized bases in hyderabad area, 2000
